000
00287nam a2200085Ia 4500
245
0
_a
The vuvuzela revolution : anatomy of South Africa's World Cup
100
_a
Calland, Richard Auckland Park, South Africa, 2010
_9
61625
942
_c
BK
008
210817s9999 xx 000 0 und d
999
_c
320967
_d
320966